The Interactive Computing Series
The Interactive Computing Series is the Visual, Interactive way to develop and apply software skills. This Skills based approach coupled with its highly illustrated, 2 page-spread design is ideal for the intro CIS course, the self-paced course or students in non-traditional education settings.
Sparad:
| Materialtyp: | Bok |
|---|---|
| Språk: | Undetermined |
| Publicerad: |
Boston
McGraw-Hill/Irwin
2002
|
| Ämnen: | |
| Taggar: |
Lägg till en tagg
Inga taggar, Lägg till första taggen!
|
| Thư viện lưu trữ: | Trung tâm Học liệu Trường Đại học Cần Thơ |
|---|
| LEADER | 00825nam a2200181Ia 4500 | ||
|---|---|---|---|
| 001 | CTU_141295 | ||
| 008 | 210402s9999 xx 000 0 und d | ||
| 082 | |a 005.43769 | ||
| 082 | |b I.61/Vol.2 | ||
| 245 | 4 | |a The Interactive Computing Series | |
| 245 | 0 | |c Kenneth Laudon,...[et al.] | |
| 260 | |a Boston | ||
| 260 | |b McGraw-Hill/Irwin | ||
| 260 | |c 2002 | ||
| 520 | |a The Interactive Computing Series is the Visual, Interactive way to develop and apply software skills. This Skills based approach coupled with its highly illustrated, 2 page-spread design is ideal for the intro CIS course, the self-paced course or students in non-traditional education settings. | ||
| 650 | |a Windows (computer programs),Phần mềm ứng dụng Windows | ||
| 904 | |i Năm | ||
| 980 | |a Trung tâm Học liệu Trường Đại học Cần Thơ | ||